| Tag |
First Indicator |
Second Indicator |
Subfields |
| LEADER |
00000cam a2200000 a 4500 |
| 001 |
in00000008296 |
| 005 |
20151002090011.0 |
| 008 |
880209s1987 enk b 00011 eng d |
| 020 |
|
|
|a 0140432965
|
| 035 |
|
|
|a (OCoLC)17452264
|
| 035 |
|
|
|9 AAA0678AM
|
| 040 |
|
|
|a TXA
|c TXA
|d UtOrBLW
|
| 050 |
|
4 |
|a PR4854
|b .L55 1987
|
| 100 |
1 |
|
|a Kipling, Rudyard,
|d 1865-1936.
|
| 245 |
1 |
0 |
|a Limits and renewals /
|c Rudyard Kipling ; edited with an introduction and notes by Phillip V. Mallett.
|
| 264 |
|
1 |
|a Harmondsworth, Middlesex, England :
|b Penguin Books,
|c 1987.
|
| 300 |
|
|
|a 287 pages ;
|c 18 cm.
|
| 336 |
|
|
|a text
|b txt
|2 rdacontent
|
| 337 |
|
|
|a unmediated
|b n
|2 rdamedia
|
| 338 |
|
|
|a volume
|b nc
|2 rdacarrier
|
| 490 |
1 |
|
|a Penguin classics
|
| 504 |
|
|
|a Bibliography: page [25].
|
| 700 |
1 |
|
|a Mallett, Phillip V.
|
| 830 |
|
0 |
|a Penguin classics.
|
| 999 |
|
|
|a MARS
|
| 999 |
f |
f |
|s 3dfbff26-1117-3f0d-a38b-b96ac92e98b0
|i 7327b051-3645-3df1-980e-1c0583c2646e
|t 0
|
| 952 |
f |
f |
|p normal
|a Texas A&M University
|b College Station
|c Sterling C. Evans Library
|d Evans: Library Stacks
|t 0
|e PR4854 .L55 1987
|h Library of Congress classification
|i unmediated -- volume
|m A14812602077
|
| 998 |
f |
f |
|a PR4854 .L55 1987
|t 0
|l Evans: Library Stacks
|